Statystyki dla Państwa o najstarszym średnim wieku

Kliknij tutaj aby rozwiązać quiz!

Ogólne statystyki

  • Ten quiz został rozwiązany 94 razy
  • Średni wynik to 11 z 20

Statystyki odpowiedzi

Średni wiekPaństwo% Poprawnych
48.6Japonia
82%
47.8Niemcy
75%
46.5Włochy
75%
43.9Hiszpania
65%
44.6Portugalia
64%
44.5Austria
61%
45.3Grecja
58%
43.3Czechy
56%
46.2Andora
55%
45.2San Marino
55%
55.4Monako
53%
43.6Serbia
52%
43.7Liechtenstein
51%
43.6Węgry
49%
44.9Słowenia
48%
43.9Chorwacja
47%
44.5Litwa
40%
44.4Łotwa
40%
43.7Bułgaria
39%
43.7Estonia
39%

Rozkład punktacji

Percentyl według liczby udzielonych odpowiedzi

Procent ludzi z każdym wynikiem

Twoja historia wyników

Nie rozwiązałeś tego quizu